| 000 | 00840cam a22002415a 4500 | ||
|---|---|---|---|
| 999 |
_c15925 _d15925 |
||
| 003 | EG-ScBUE | ||
| 005 | 20191229100709.0 | ||
| 008 | 110825s1973 ua f 000 0 ara d | ||
| 040 |
_aEG-ScBUE _bara _erda _cEG-ScBUE _dEG-ScBUE |
||
| 082 | 0 | 4 |
_a492.7 _bح س ا _222 |
| 100 | 1 |
_926923 _aحسان، تمام، _eمؤلف. |
|
| 245 | 1 | 2 |
_aاللغة العربية : _bمعناها ومبناها / _cدكتور تمام حسان. |
| 264 | 1 |
_a[القاهرة] : _bالهيئة المصرية العامة للكتاب، _c1973. |
|
| 300 |
_a373 صفحة ؛ _c24 سم |
||
| 336 |
_2rdacontent _aنص _btxt |
||
| 337 |
_2rdamedia _aبدون وسيط _bn |
||
| 338 |
_2rdacarrier _aمجلد _bnc |
||
| 590 | _aeman | ||
| 650 | 7 |
_aاللغة العربية _2BUEsh _98357 |
|
| 653 |
_cAugust2011 _bGGEN |
||
| 655 | _vReading book | ||
| 942 |
_2ddc _cBB |
||